Normal view
MARC view
- PROJECT SUPERVISORS DR. SHOAB AHMED KHAN DR. ABBAS DR. IMRAN SHAFI
Entry Personal Name
001 - CONTROL NUMBER
- control field: 71189
003 - CONTROL NUMBER IDENTIFIER
- control field: NUST
005 - DATE AND TIME OF LATEST TRANSACTION
- control field: 20210628204614.0
008 - FIXED-LENGTH DATA ELEMENTS
- fixed length control field: 210628|| aca||aabn | a|a d
040 ## - CATALOGING SOURCE
- Original cataloging agency: NUST
- Transcribing agency: NUST
100 ## - HEADING--PERSONAL NAME
- Personal name: PROJECT SUPERVISORS DR. SHOAB AHMED KHAN DR. ABBAS DR. IMRAN SHAFI
670 ## - SOURCE DATA FOUND
- Source citation: Work cat.: (NUST): NS HAMZA NAWAZ KHAN NS KAINAT SAEED 71187, PR-SOF-1736-Self Controlled UAV with Collision Avoidance, 2018
